Najmniejsze pod względem ludności państwa świata - Statystyki

Ogólne statystyki
  • Ten quiz został rozwiązany 916 razy
  • Średni wynik to 7 z 10
Statystyki odpowiedzi
hint Odpowiedź % Poprawnych
1. ok 1000 mieszkańców (europa) Watykan
98%
6. ok 33500 mieszkańców (europa) San Marino
89%
5. ok 30000 mieszkańców (europa) Monako
86%
7. ok 38000 mieszkańców (europa) Liechtenstein
82%
2. ok 9600 mieszkańców (australia i oceania) Nauru
56%
3. ok 11000 mieszkańców (ausralia i oceania) Tuvalu
56%
4 ok 21000 mieszkańców (australia i oceania) Palau
53%
10. ok. 74500 mieszkańców (australia i oceania) Wyspy Marshalla
50%
9. ok 73000 mieszkanców (ameryka środkowa) Dominika
46%
8. ok 52700 mieszkańców (ameryka środkowa) Saint Kitts i Nevis
42%
Nie znaleziono quizów pasujących do podanych kryteriów
Rozkład punktacji
Procent ludzi z każdym wynikiem
Percentyl według liczby udzielonych odpowiedzi
Twoja historia wyników
Nie rozwiązałeś tego quizu